<?xml version="1.0" encoding="UTF-8"?>
<collection xmlns="http://www.loc.gov/MARC21/slim">
<record>
  <controlfield tag="001">146414</controlfield>
  <controlfield tag="005">20241122150938.0</controlfield>
  <datafield tag="037" ind1=" " ind2=" ">
    <subfield code="a">TAZ-TFG-2024-3643</subfield>
  </datafield>
  <datafield tag="041" ind1=" " ind2=" ">
    <subfield code="a">spa</subfield>
  </datafield>
  <datafield tag="100" ind1="1" ind2=" ">
    <subfield code="a">Marín Ocaña, Rosa</subfield>
  </datafield>
  <datafield tag="242" ind1="0" ind2="0">
    <subfield code="a">Use of agri-food by-products in swine feed</subfield>
  </datafield>
  <datafield tag="245" ind1="0" ind2="0">
    <subfield code="a">Uso de subproductos agroalimentarios en la alimentación porcina</subfield>
  </datafield>
  <datafield tag="260" ind1=" " ind2=" ">
    <subfield code="a">Zaragoza</subfield>
    <subfield code="b">Universidad de Zaragoza</subfield>
    <subfield code="c">2024</subfield>
  </datafield>
  <datafield tag="506" ind1=" " ind2=" ">
    <subfield code="a">by-nc-sa</subfield>
    <subfield code="b">Creative Commons</subfield>
    <subfield code="c">3.0</subfield>
    <subfield code="u">http://creativecommons.org/licenses/by-nc-sa/3.0/</subfield>
  </datafield>
  <datafield tag="520" ind1=" " ind2=" ">
    <subfield code="a">Actualmente, en las industrias agroalimentarias se genera gran cantidad de residuos y es razonable estudiar la posibilidad del uso de algunos de estos subproductos agroalimentarios como ingredientes en la alimentación animal. En este trabajo se profundiza en cuatro (la pulpa de aceituna, la harina de galleta, el bagazo de cerveza y la pulpa de cítricos), por su gran producción a nivel nacional, y se focaliza en la alimentación porcina, dado que España es un país líder en esta ganadería. En el presente TFG se indaga en los procesos de obtención de estos subproductos, en su composición química y en la variabilidad que ésta presenta, para lo que se comparan datos proporcionados por la empresa ADM Animal Nutrition Spain con los recogidos en la última publicación de la Fundación Española para el Desarrollo de la Nutrición Animal (FEDNA) y se ha estudiado el impacto económico que tendría su inclusión en fórmulas para cerdos de engorde. Se puede concluir que, en general, el uso de los subproductos agroalimentarios en alimentación animal contribuye a la sostenibilidad ambiental y a la economía circular, pero hay que considerar también que presentan inconvenientes. El valor nutritivo de los subproductos estudiados (pulpa de aceituna, la harina de bollería, el bagazo de cerveza y la pulpa de cítricos) puede ser interesante en alimentación porcina, pero hay que incluirlos a niveles moderados. Su uso además puede reducir los costes de alimentación, pero es clave una buena caracterización de estos ingredientes, puesto que presentan una gran variabilidad en su composición química. &lt;br />&lt;br /></subfield>
  </datafield>
  <datafield tag="521" ind1=" " ind2=" ">
    <subfield code="a">Graduado en Veterinaria</subfield>
  </datafield>
  <datafield tag="540" ind1=" " ind2=" ">
    <subfield code="a">Derechos regulados por licencia Creative Commons</subfield>
  </datafield>
  <datafield tag="856" ind1="0" ind2=" ">
    <subfield code="f">806961@unizar.es</subfield>
  </datafield>
  <datafield tag="856" ind1="4" ind2=" ">
    <subfield code="s">755316</subfield>
    <subfield code="u">http://zaguan.unizar.es/record/146414/files/TAZ-TFG-2024-3643.pdf</subfield>
    <subfield code="y">Memoria (spa)</subfield>
  </datafield>
  <datafield tag="909" ind1="C" ind2="O">
    <subfield code="o">oai:zaguan.unizar.es:146414</subfield>
    <subfield code="p">driver</subfield>
    <subfield code="p">trabajos-fin-grado</subfield>
  </datafield>
  <datafield tag="950" ind1=" " ind2=" ">
    <subfield code="a"></subfield>
  </datafield>
  <datafield tag="691" ind1=" " ind2=" ">
    <subfield code="a">0</subfield>
  </datafield>
  <datafield tag="692" ind1=" " ind2=" ">
    <subfield code="a"></subfield>
  </datafield>
  <datafield tag="700" ind1=" " ind2=" ">
    <subfield code="a">LATORRE GÓRRIZ MARIA ANGELES</subfield>
    <subfield code="e">dir.</subfield>
  </datafield>
  <datafield tag="700" ind1=" " ind2=" ">
    <subfield code="a">Auseré Holguín, Alberto</subfield>
    <subfield code="e">dir.</subfield>
  </datafield>
  <datafield tag="710" ind1="2" ind2=" ">
    <subfield code="a">Universidad de Zaragoza</subfield>
    <subfield code="b">Producción Animal y Ciencia de los Alimentos</subfield>
    <subfield code="c">Producción Animal</subfield>
  </datafield>
  <datafield tag="980" ind1=" " ind2=" ">
    <subfield code="a">TAZ</subfield>
    <subfield code="b">TFG</subfield>
    <subfield code="c">VET</subfield>
  </datafield>
  <datafield tag="999" ind1=" " ind2=" ">
    <subfield code="a">20240712134007.CREATION_DATE</subfield>
  </datafield>
  <datafield tag="951" ind1=" " ind2=" ">
    <subfield code="a">deposita:2024-11-22</subfield>
  </datafield>
</record>
</collection>